[Event "24th Open"]
[Site "Schwarzach AUT"]
[Date "2009.08.21"]
[Round "7"]
[White "Benson,O"]
[Black "Chin,K"]
[Result "1-0"]
[WhiteElo "1967"]
[BlackElo "2101"]

1.d4 Nf6 2.c4 Nc6 3.Nc3 e5 4.d5 Ne7 5.e4 Ng6 6.a3 Bc5 7.Be2 O-O 8.Nf3 a5
9.O-O d6 10.Rb1 Qe7 11.b4 axb4 12.axb4 Bb6 13.Qc2 Bg4 14.Na4 Ba7 15.c5 Nh5
16.Be3 Nhf4 17.Kh1 f5 18.Ng1 Nxe2 19.Nxe2 f4 20.cxd6 cxd6 21.Bxa7 Rxa7 22.f3 Bh5
23.Nb6 Qg5 24.Ng1 Nh4 25.Nc8 Ra8 26.Nxd6 Ra6 27.Nxb7 Rg6 28.Rb2 Rb8 29.d6 Nxg2
30.d7 Ne3 31.Qc8+ Rxc8 32.dxc8=Q+ Kf7 33.Qd7+ Kf8 34.Ra2 Ra6 35.Rc1  1-0

[Event "16th Vienna Open"]
[Site "Vienna AUT"]
[Date "2009.08.21"]
[Round "7"]
[White "Enoeckl,P"]
[Black "Jaksland,T"]
[Result "1-0"]
[WhiteElo "2216"]
[BlackElo "2289"]

1.d4 Nf6 2.c4 Nc6 3.Nf3 e6 4.Bg5 h6 5.Bd2 d6 6.Nc3 g6 7.h3 Bg7 8.e4 O-O 9.d5 Ne7
10.Bd3 e5 11.g4 Nd7 12.Rg1 Nc5 13.Bc2 a5 14.h4 f6 15.h5 g5 16.Be3 Na6 17.Ba4 c5
18.Kf1 b6 19.Ne1 Nc7 20.Qb3 Rb8 21.f3 Bd7 22.Nc2 Qe8 23.Bxd7 Qxd7 24.Na3 Rb7
25.Kf2 Rfb8 26.Nab5 Nxb5 27.cxb5 Ra8 28.Qc4 Kh8 29.Rab1 Nc8 30.a3 Rc7 31.Rgc1 Na7
32.b3 Rac8 33.Qa4 Bf8 34.Ke2 Kg7 35.Kd2 Kh8 36.b4 axb4 37.axb4 cxb4 38.Rxb4 Rb8
39.Qb3 Nc8 40.Ra4 Ra7 41.Rca1 Rxa4 42.Rxa4 Kg7 43.Ra6 Be7 44.Qc4 Kf7 45.Qa4 Bd8
46.Na2 Rb7 47.Nb4 Ke8 48.Kd3 Qc7 49.Nc6 Kd7 50.Qa2 Ke8 51.Ra8 Kd7 52.Ra4 Ke8
53.Ra3 Qd7 54.Kc4 Qc7 55.Kb4 Qd7 56.Rc3 Na7 57.Qa6 Nc8 58.Qa8 Na7 59.Bf2 Qc8
60.Qxc8 Nxc8 61.Nd4 exd4 62.Rxc8 Rc7 63.Rxc7 Bxc7 64.Bxd4 Kf7 65.Kc4 Bd8
66.Kd3 Bc7 67.Be3 Bd8 68.Bd2 Bc7 69.f4 Bb8 70.Bc1 Bc7 71.Be3 Bd8 72.e5 fxe5
73.fxe5 Bc7 74.exd6  1-0

[Event "XXVI Open A"]
[Site "Collado Villalba ESP"]
[Date "2009.08.23"]
[Round "3"]
[White "Rubio Mejia,L"]
[Black "Montanes Arribas,A"]
[Result "1-0"]
[WhiteElo "2371"]
[BlackElo "2091"]

1.d4 Nf6 2.c4 Nc6 3.Nf3 e6 4.a3 d6 5.Nc3 g6 6.e4 Bg7 7.h3 O-O 8.Be3 Re8 9.Bd3 Nd7
10.Be2 e5 11.d5 Nd4 12.Nxd4 exd4 13.Bxd4 Bxd4 14.Qxd4 Nc5 15.Rd1 Qg5 16.Kf1 f5
17.Bf3 Qf4 18.b4 Nxe4 19.Bxe4 fxe4 20.Qe3 Qxe3 21.fxe3 h5 22.Ke2 a5 23.Rhf1 axb4
24.axb4 Ra3 25.Kd2 Bf5 26.Kc2 Kg7 27.Rf4 Re5 28.Rdf1 Re7 29.Kb2 Ra8 30.g4 hxg4
31.hxg4 Bd7 32.Nxe4 Rh8 33.Kc3 Rh4 34.Rg1 Rh3 35.Kd4 b6 36.Rgf1 Rh4 37.g5 Rh2
38.Nf6 Rg2 39.Rh1 Bf5 40.Rh7+ Kf8 41.Rh8+ Kg7 42.Rh7+ Kf8 43.e4 Rxh7 44.Nxh7+ Kg7
45.Nf6 Bc8 46.Ne8+ Kg8 47.Nxc7 Rxg5 48.Ne8 Rg3 49.Nxd6 g5 50.Rf6 Bh3 51.c5 bxc5+
52.bxc5 g4 53.Nf5  1-0

[Event "XXI Festival Open A"]
[Site "Porto San Giorgio ITA"]
[Date "2009.08.27"]
[Round "7"]
[White "Peredy,F"]
[Black "Tomescu,V"]
[Result "0-1"]
[WhiteElo "2277"]
[BlackElo "2422"]

1.d4 Nf6 2.c4 Nc6 3.Nf3 e6 4.a3 d6 5.Nc3 g6 6.g3 Bg7 7.Bg2 O-O 8.O-O Re8
9.h3 a6 10.e4 Rb8 11.Be3 Na5 12.Nd2 b5 13.cxb5 axb5 14.b4 Nc4 15.Nxc4 bxc4
16.Qe2 d5 17.e5 Nd7 18.f4 c6 19.g4 Nb6 20.Qc2 Qe7 21.Bf3 Bd7 22.Kg2 Rb7 23.h4 Ra8
24.Bd1 f5 25.g5 Be8 26.Ra2 Ra6 27.Bc1 Bf8 28.Qd2 Rba7 29.Rf2 Na8 30.Qe3 h5
31.Rfd2 Kg7 32.Kg3 Qd8 33.Qf2 Be7 34.Qe3 Bd7 35.Qf2 Nc7 36.Qe3 Qa8 37.Kf2 Qf8
38.Kf1 Nb5 39.Nxb5 cxb5 40.Rac2 Bxb4 41.axb4 Qxb4 42.Bf3 Qe7 43.Qe2 Ra1 44.Kf2 Be8
45.Bb2 R1a5 46.Bc1 b4 47.Ra2 Qc7 48.Rxa5 Qxa5 49.Rb2 c3 50.Rb1 Bb5 51.Qc2 Bc4
52.Be2 Ba2 53.Ra1 b3 54.Rxa2 bxa2  0-1

[Event "II Open"]
[Site "Sabadell ESP"]
[Date "2009.09.01"]
[Round "1"]
[White "Peralta,Fe"]
[Black "Gonzalez Garcia,S"]
[Result "1-0"]
[WhiteElo "2565"]
[BlackElo "1909"]

1.d4 Nf6 2.c4 Nc6 3.Nf3 e6 4.Nc3 Bb4 5.e3 O-O 6.Bd3 d6 7.O-O Bxc3 8.bxc3 e5
9.Nd2 Re8 10.Qc2 exd4 11.exd4 Ne7 12.Ne4 Nxe4 13.Bxe4 Ng6 14.f4 Qe7 15.Bd3 Bg4
16.f5 Nf8 17.f6 gxf6 18.Qf2 Ng6 19.Bh6 Qd8 20.Rae1 Rxe1 21.Rxe1 Bd7 22.h4 f5
23.h5 Qh4 24.Qxh4 Nxh4 25.Bg5  1-0

[Event "6th LGA Premium Cup"]
[Site "Nuernberg GER"]
[Date "2009.09.04"]
[Round "3"]
[White "Hertneck,G"]
[Black "Menacher,M"]
[Result "1-0"]
[WhiteElo "2513"]
[BlackElo "2274"]

1.d4 Nf6 2.c4 Nc6 3.Nf3 e6 4.a3 d6 5.Nc3 g6 6.g3 Bg7 7.Bg2 O-O 8.O-O Re8
9.e3 e5 10.d5 Ne7 11.e4 Nh5 12.Ne1 Bd7 13.Bd2 Rf8 14.b4 Qe8 15.a4 a6 16.Nd3 f5
17.f3 Nf6 18.c5 h6 19.Qb3 Kh8 20.b5 g5 21.Qb4 fxe4 22.fxe4 Nc8 23.c6 bxc6
24.bxc6 Bg4 25.h3 Bh5 26.Be3 Ne7 27.Rab1 Bg6 28.Qc4 Nh5 29.Rxf8+ Qxf8 30.Bf2 g4
31.Rb7 Qc8 32.h4 Bf6 33.Ne2 Bf7 34.Nb4 a5 35.Na6 Nxc6 36.Qxc6  1-0

[Event "USCL 2009"]
[Site "ICC INT"]
[Date "2009.09.09"]
[Round "2"]
[White "Andrews,T"]
[Black "Adamson,R"]
[Result "0-1"]
[WhiteElo "2337"]
[BlackElo "2302"]

1.d4 Nf6 2.c4 Nc6 3.Nf3 e6 4.g3 Bb4+ 5.Bd2 Qe7 6.Bg2 Bxd2+ 7.Nbxd2 d6 8.O-O a5
9.e4 e5 10.d5 Nb8 11.Ne1 h5 12.Nd3 h4 13.c5 dxc5 14.Rc1 hxg3 15.hxg3 Nbd7
16.Qa4 O-O 17.Nc4 b6 18.Rfd1 Ba6 19.Ne3 g6 20.Bh3 Kg7 21.Qc6 Ra7 22.Kg2 Rd8
23.f3 Nf8 24.Nf2 a4 25.d6 Rxd6 26.Rxd6 Qxd6 27.Qxd6 cxd6 28.Rd1 Ne8 29.f4 exf4
30.gxf4 Ne6 31.Nd5 b5 32.Kg3 Nd4 33.Bf1 Bb7 34.Nc3 Bc6 35.a3 Re7 36.Bg2 Nf6
37.Bf3 Re6 38.Bg2 Re8 39.Rd2 Nh5+ 40.Kg4 f5+  0-1

[Event "ch-NED"]
[Site "Haaksbergen NED"]
[Date "2009.09.12"]
[Round "1"]
[White "Giri,A"]
[Black "Ernst,S"]
[Result "1/2-1/2"]
[WhiteElo "2552"]
[BlackElo "2589"]

1.d4 Nf6 2.c4 Nc6 3.Nf3 e6 4.a3 d6 5.Nc3 g6 6.e4 Bg7 7.Be2 O-O 8.O-O Re8
9.d5 exd5 10.cxd5 Nb8 11.Qc2 Qe7 12.Re1 Bg4 13.h3 Bxf3 14.Bxf3 c5 15.dxc6 Nxc6
16.Be3 Rac8 17.Rad1 a6 18.Qd2 Na5 19.Be2 Nc6 20.Bg5 Qe6 21.Bf1 Rcd8 22.Bd3 Ne5
23.Bb1 Nc4 24.Qe2 Rc8 25.Ba2 b5 26.Bf4 Red8 27.e5 dxe5 28.Bxc4 Qxc4 29.Qxc4 bxc4
30.Bxe5 Nd7 31.Bxg7 Kxg7 32.Re4 Nb6 33.Red4 Rxd4 34.Rxd4 Rc6 35.g4 Nc8 36.Nd5 Nb6
37.Nc3 Nc8 38.a4 Nd6 39.Nd5 h6 40.Ne7 Rc7 41.Rxd6 Rxe7 42.Rxa6 Rb7 43.Rc6 Rxb2
44.Rxc4 Ra2 45.h4 g5 46.h5 f5 47.gxf5 Kf6 48.Kg2 Kxf5 49.Kg3 Ra1 50.Rc5+ Ke4
51.f3+ Kd4 52.Ra5 Rg1+ 53.Kf2 Ra1 54.Kg3 Rg1+ 55.Kf2 Ra1 56.Kg2 Ke3 57.Re5+ Kf4
58.Re4+ Kf5 59.Rb4 Ke5 60.Kf2 Kf5 61.Re4 Ra2+ 62.Kg3 Ra1 63.Rc4 Rg1+ 64.Kh2 Rf1
65.Kg2 Ra1 66.Rb4 Ke5 67.Rb6 Rxa4 68.Rxh6 g4 69.fxg4 Rxg4+ 70.Kf3 Ra4 71.Rb6 Kf5
72.h6 Ra3+ 73.Kg2 Ra7 74.Kg3 Kg5 75.Kf3 Re7 76.Rd6 Rh7 77.Ke4 Rxh6 78.Rxh6 Kxh6  1/2-1/2

[Event "18th TCh-CRO"]
[Site "Sibenik CRO"]
[Date "2009.09.26"]
[Round "6"]
[White "Franic,M"]
[Black "Biti,O"]
[Result "1/2-1/2"]
[WhiteElo "2404"]
[BlackElo "2381"]

1.d4 Nf6 2.c4 Nc6 3.Nf3 e6 4.a3 d6 5.Nc3 g6 6.e4 Bg7 7.Be2 O-O 8.O-O Re8
9.d5 Ne7 10.h3 exd5 11.cxd5 c6 12.Re1 cxd5 13.exd5 a6 14.Bc4 b5 15.Ba2 Bb7
16.Bf4 Qd7 17.Qd2 Rac8 18.Rad1 Nf5 19.Qd3 Rxe1+ 20.Rxe1 Re8 21.Rxe8+ Nxe8
22.g4  1/2-1/2

[Event "FSIMA October"]
[Site "Budapest HUN"]
[Date "2009.10.06"]
[Round "4"]
[White "Vegh,E"]
[Black "Dencsi,T"]
[Result "0-1"]
[WhiteElo "2296"]
[BlackElo "2338"]

1.d4 Nf6 2.c4 Nc6 3.Nf3 e6 4.a3 d5 5.Bg5 h6 6.Bxf6 Qxf6 7.Nc3 dxc4 8.e3 Bd6
9.Bxc4 e5 10.Nd5 Qg6 11.dxe5 Nxe5 12.Nxe5 Bxe5 13.Qf3 c6 14.Nc3 O-O 15.Rc1 Bg4
16.Bd3 f5  0-1

[Event "Guernsey Open"]
[Site "Guernsey GCI"]
[Date "2009.10.21"]
[Round "4"]
[White "Schroer,M"]
[Black "Havenaar,J"]
[Result "1-0"]
[WhiteElo "2127"]
[BlackElo "2176"]

1.d4 Nf6 2.c4 Nc6 3.Nf3 d6 4.g3 e5 5.d5 Ne7 6.Bg2 g6 7.O-O Bg7 8.Nc3 O-O
9.b4 a5 10.bxa5 Rxa5 11.Nd2 Nd7 12.Nb3 Ra6 13.Bd2 f5 14.Qc2 Kh8 15.a4 Ng8
16.Nb5 Rf7 17.c5 dxc5 18.Nxc5 Nxc5 19.Qxc5 e4 20.Bc3 Nf6 21.Rfd1 Rd7 22.f3 c6
23.Bxf6 Bxf6 24.Nc3 Ra5 25.Qb4 cxd5 26.Rac1 Ra6 27.Rxd5 Rc6 28.fxe4 Kg7 29.e5 Bg5
30.Rcd1 Qc7 31.Rxd7+ Bxd7 32.Bxc6 Be3+ 33.Kf1 Bxc6 34.Qd6 Qa5 35.Nd5 Bc5
36.Qf6+ Kh6 37.Qh4+ Kg7 38.Qf6+ Kh6 39.Nf4 Qxa4 40.Qh4+ Kg7 41.Ne6+  1-0

[Event "Chigorin Mem Open"]
[Site "St Petersburg RUS"]
[Date "2009.10.23"]
[Round "8"]
[White "Levin,Ev"]
[Black "Epishin,V"]
[Result "1/2-1/2"]
[WhiteElo "2450"]
[BlackElo "2590"]

1.d4 Nf6 2.c4 Nc6 3.Nf3 e6 4.a3 d5 5.Nc3 Be7 6.cxd5 exd5 7.Bg5 Ne4 8.Bxe7 Nxe7
9.e3 O-O 10.Be2 c6 11.O-O Bg4 12.Qc2 f5 13.Ne5 Bxe2 14.Nxe2 Qe8  1/2-1/2

[Event "London Classic FIDE Open"]
[Site "London ENG"]
[Date "2009.12.09"]
[Round "2"]
[White "Loeffler,S"]
[Black "Regan,N"]
[Result "1-0"]
[WhiteElo "2416"]
[BlackElo "2170"]

1.d4 Nf6 2.c4 Nc6 3.Nf3 e6 4.a3 d5 5.Bg5 dxc4 6.e4 Na5 7.e5 h6 8.Bd2 Nb3
9.exf6 Nxa1 10.Bxc4 Qxf6 11.Nc3 Qg6 12.O-O Bd7 13.Qxa1 Bd6 14.Ne5 Bxe5 15.dxe5 O-O-O
16.Qb1 Qh5 17.Qe1 Bc6 18.f3 Rd4 19.Bb5 Bxb5 20.Nxb5 Rd5 21.Nc3 Rxe5 22.Qf2 Rd8
23.g4 Qg6 24.Bf4 Ra5 25.b4 Rxa3 26.Nb5 Rad3 27.Qc5 c6 28.Qe7  1-0

[Event "London Classic FIDE Open"]
[Site "London ENG"]
[Date "2009.12.12"]
[Round "6"]
[White "Dimitrijeski,B"]
[Black "Healey,M"]
[Result "1/2-1/2"]
[WhiteElo "2236"]
[BlackElo "2058"]

1.d4 Nf6 2.c4 Nc6 3.Nf3 e6 4.g3 Bb4+ 5.Bd2 Qe7 6.Nc3 O-O 7.Rc1 d6 8.d5 Ne5
9.Nxe5 dxe5 10.Bg2 a5 11.O-O Ra6 12.a3 Bc5 13.Na4 Ba7 14.b4 exd5 15.cxd5 e4
16.b5 Rd6 17.Bxa5 Nxd5 18.Qc2 Bf5 19.Bxc7 Rh6 20.b6 Nxb6 21.Nxb6 Bxb6 22.Bxb6 Rxb6
23.Qc5 Qxc5 24.Rxc5 g6 25.Re5 Ra8 26.Bxe4 Bxe4 27.Rxe4 Rxa3 28.Rd1 Rf6 29.Rd7 b6
30.Kg2 Rb3 31.Rb7 h5 32.h3 Kg7 33.g4 hxg4 34.hxg4 Rb5 35.f4 g5 36.f5 Rb3
37.Ree7 Kg8 38.e3 b5 39.Kf3 Rb4 40.Re8+ Kg7 41.Ree7 Kg8 42.Red7 Kg7 43.Rdc7 Kg8
44.Re7 Kg7 45.e4 Rb3+ 46.Ke2 Rh6 47.Rxf7+ Kg8 48.Rg7+ Kh8 49.Rh7+ Rxh7 50.Rb8+ Kg7
51.Rb7+ Kg8 52.Rb8+ Kg7 53.Rb7+ Kg8  1/2-1/2

[Event "London Classic FIDE Open"]
[Site "London ENG"]
[Date "2009.12.13"]
[Round "7"]
[White "Gavriel,T"]
[Black "Gullaksen,E"]
[Result "1/2-1/2"]
[WhiteElo "2153"]
[BlackElo "2400"]

1.d4 Nf6 2.c4 Nc6 3.Nf3 e6 4.a3 d6 5.Nc3 g6 6.e4 Bg7 7.Be2 O-O 8.O-O Re8
9.Bg5 h6 10.Bh4 g5 11.Bg3 Nh5 12.d5 Nxg3 13.fxg3 Ne5 14.Nxe5 Bxe5 15.Bh5 Rf8
16.Qd2 c6 17.Rf2 Bd7 18.Raf1 f6 19.Nd1 Qb6 20.Bg4 f5 21.dxe6 Bxe6 22.Bxf5 Bxf5
23.exf5 Rxf5 24.Ne3 Rxf2 25.Qxf2 Bg7 26.Nf5 Rf8 27.Qxb6 axb6 28.g4 Kh7 29.Re1 Be5
30.b4 h5 31.h3 c5 32.bxc5 bxc5 33.Rb1 Rf7 34.Kf2 Kg6 35.Kf3 Kf6 36.Ke4 Ke6
37.Rb5 hxg4 38.hxg4 Rh7 39.Rb3 Rh2 40.Kf3 Rh1 41.Rxb7 Rc1 42.Re7+ Kf6 43.Rh7 Rc3+
44.Ke2 Rxc4 45.Rh6+ Kf7 46.Nxd6+ Bxd6 47.Rxd6 Rxg4 48.Kf2  1/2-1/2

[Event "9th Amplico Life Rapid"]
[Site "Warsaw POL"]
[Date "2009.12.19"]
[Round "1"]
[White "Prazmowski,B"]
[Black "Miton,K"]
[Result "0-1"]
[WhiteElo "1842"]
[BlackElo "2586"]

1.d4 Nf6 2.c4 Nc6 3.Nc3 e5 4.dxe5 Nxe5 5.e4 Bb4 6.Bd2 O-O 7.f4 Ng6 8.Bd3 Re8
9.Nge2 d6 10.Qc2 Bg4 11.a3 Bxe2 12.axb4 Bxd3 13.Qxd3 Nxe4 14.Nxe4 Qe7 15.O-O Qxe4
16.Qxe4 Rxe4 17.c5 dxc5 18.bxc5 Ne7 19.Bc3 Nd5 20.Be5 f6 21.Rad1 Ne3 22.Bxc7 Nxd1
23.Rxd1 Rae8 24.Kf1 Rc4 25.Bd6 Rc2  0-1

[Event "9th Amplico Life Rapid"]
[Site "Warsaw POL"]
[Date "2009.12.19"]
[Round "8"]
[White "Lubczynski,R"]
[Black "Bugajski,R"]
[Result "1/2-1/2"]
[WhiteElo "2428"]
[BlackElo "2209"]

1.d4 Nf6 2.c4 Nc6 3.Nc3 e6 4.g3 Bb4 5.Qd3 d5 6.Nf3 dxc4 7.Qxc4 Qd5 8.Qxd5 exd5
9.Bd2 Bg4 10.Nb5 Bxf3 11.exf3 Bxd2+ 12.Kxd2 O-O-O 13.Bh3+ Kb8 14.Kc3 a6 15.Na3 h5
16.Nc2 h4 17.Bf5 Ne8 18.Ne3 g6 19.Bd3 Nf6 20.b4 Na7 21.a4 c6 22.Kd2 Rh7 23.Ke2 Re8
24.Rhb1 hxg3 25.hxg3 Rh2 26.b5 axb5 27.axb5 c5 28.Ra4 c4 29.Bc2 Nh5 30.Kf1 Rh1+
31.Kg2 Rxb1 32.Bxb1 Nxb5 33.Nxd5 Rd8 34.Nb6 Rxd4 35.Rxc4 Rxc4 36.Nxc4 Kc7
37.Ne5 Nd6 38.Ba2 g5 39.Nxf7 Nxf7 40.Bxf7 Nf6 41.g4 Kd6 42.f4 gxf4 43.g5 Nd7
44.g6 Ke7 45.Kf3 Ne5+ 46.Kxf4 Nxf7 47.gxf7 Kxf7 48.Ke5 Ke8 49.Ke4  1/2-1/2

[Event "9th Amplico Life Rapid"]
[Site "Warsaw POL"]
[Date "2009.12.20"]
[Round "13"]
[White "Szymanski,M"]
[Black "Bugajski,R"]
[Result "1-0"]
[WhiteElo "2411"]
[BlackElo "2209"]

1.d4 Nf6 2.c4 Nc6 3.Nf3 e6 4.Nc3 Bb4 5.e3 d5 6.Qc2 Ne4 7.Bd3 Bxc3+ 8.bxc3 Nd6
9.c5 Nf5 10.O-O h6 11.c4 O-O 12.Rb1 a5 13.Bd2 dxc4 14.Qxc4 b5 15.Qxb5 Ba6
16.Qb3 Rb8 17.Qc2 Bxd3 18.Qxd3 Qf6 19.Bc3 Qg6 20.Rxb8 Rxb8 21.Rd1 Rd8 22.h3 Qh5
23.Qe4 Nfe7 24.Rb1 Nd5 25.Be1 Ncb4 26.a3 Nc6 27.Rb5 Ra8 28.Kh2 Nde7 29.Rb7 Qd5
30.Qxd5 Nxd5 31.e4 Nf6 32.Rxc7 Ra6 33.e5 Nd5 34.Rc8+ Kh7 35.Bd2 g5 36.Be3 Kg6
37.Nd2 Nde7 38.Rc7 Ra7 39.Rxa7 Nxa7 40.g4 Nb5 41.Nc4 Nc6 42.Kg2 a4 43.Nb6 Nxa3
44.Nxa4 Nc2 45.Kf3 N2xd4+ 46.Bxd4 Nxd4+ 47.Ke4 Nc6 48.Nb6 Kg7 49.Nd7 Kg6
50.Kd3 h5 51.Kc4 h4 52.Kb5 Ne7 53.c6 Nd5 54.Kc5 f5 55.exf6  1-0

[Event "18th Donau Open"]
[Site "Aschach AUT"]
[Date "2009.12.27"]
[Round "3"]
[White "Tratar,M"]
[Black "Neff,G"]
[Result "1-0"]
[WhiteElo "2480"]
[BlackElo "2159"]

1.d4 Nf6 2.c4 Nc6 3.Nf3 e6 4.g3 Bb4+ 5.Bd2 Qe7 6.Nc3 O-O 7.Bg2 Bxc3 8.Bxc3 Ne4
9.Rc1 d6 10.d5 Nxc3 11.Rxc3 Ne5 12.Nd2 Bd7 13.f4 Ng4 14.h3 Nf6 15.O-O exd5
16.cxd5 Bb5 17.Re1 Rfe8 18.e3 Rac8 19.Qb3 Ba6 20.Qc2 h5 21.Kh2 g6 22.a4 b6
23.Rc1 Red8 24.e4 Qe8 25.Qd1 Rd7 26.Qg1 Qe7 27.Qd4 Re8 28.Bf3 Bb7 29.b4 Kh7
30.Kg2 Kg8 31.Rh1 Nh7 32.Rhc1 Nf6 33.b5 a6 34.a5 axb5 35.axb6 cxb6 36.Qxb6 Ra8
37.Qxb5 Ra2 38.R3c2 Rxc2 39.Rxc2 h4 40.gxh4 Rc7 41.Qb2 Rxc2 42.Qxc2 Qd7 43.Qc3  1-0

[Event "11th Christmas Open"]
[Site "Litomysl CZE"]
[Date "2009.12.27"]
[Round "2"]
[White "Pokorny,P"]
[Black "Novak,Pa1"]
[Result "1/2-1/2"]
[WhiteElo "2191"]
[BlackElo "2377"]

1.d4 Nf6 2.c4 Nc6 3.Nc3 e5 4.d5 Ne7 5.Nf3 Ng6 6.h4 e4 7.Ng5 Bb4 8.h5 Ne5
9.Qd4 d6 10.Nxe4 Bf5 11.Ng3 Bc5 12.Qf4 Bd7 13.h6 g5 14.Qxg5 Rg8 15.Qf4 Rg4
16.Qd2 Nxc4 17.Qc2 Ne3 18.Bxe3 Bxe3 19.Nh5 Bxh6 20.Qxh7 Bf8 21.Rh3  1/2-1/2

[Event "18th Donau Open"]
[Site "Aschach AUT"]
[Date "2009.12.29"]
[Round "5"]
[White "Cifka,S"]
[Black "Menacher,M"]
[Result "1/2-1/2"]
[WhiteElo "2423"]
[BlackElo "2264"]

1.d4 Nf6 2.c4 Nc6 3.Nf3 e6 4.e3 g6 5.Nc3 d6 6.b4 Bg7 7.b5 Ne7 8.Bb2 O-O 9.g3 Nd7
10.Bg2 e5 11.O-O exd4 12.Nxd4 Rb8 13.Qc2 Ne5 14.Nd5 Bd7 15.h3 c5 16.Nxe7+ Qxe7
17.Nb3 Be6 18.Nd2 Rfd8 19.f4 Nxc4 20.Bxg7 Nxd2 21.Qxd2 Kxg7 22.e4 f6 23.Rfd1 Rd7
24.Qc3 Rbd8 25.Rd3 d5 26.exd5 Bxd5 27.Re1 Qf7 28.Qxc5 Bxg2 29.Rxd7 Rxd7 30.Kxg2 Qxa2+
31.Kg1 Qb3 32.Re7+ Rxe7 33.Qxe7+ Qf7 34.Qc5 Qd7 35.h4 h5 36.Kh2 Kf7 37.Qc4+ Kf8
38.Qc3 Ke7 39.Qc5+ Ke8 40.Qe3+ Kd8 41.Qc5 Ke8 42.Qe3+ Kf7 43.Qc5 Qe7 44.Qd5+ Kg7
45.Kh3 a5 46.bxa6 bxa6 47.Qa8 Qe6+ 48.Kh2 Qe2+ 49.Kh3 Qb5 50.Qd8 Kf7 51.Qc7+ Ke6
52.Qc8+ Kd5 53.Qg8+ Ke4 54.Qa2 Qf5+ 55.Kh2 Ke3 56.Qxa6 Kf3 57.Qc6+ Kf2  1/2-1/2

[Event "85th Masters"]
[Site "Hastings ENG"]
[Date "2009.12.29"]
[Round "2"]
[White "Tarun,Malhotra"]
[Black "Webb,M"]
[Result "0-1"]
[WhiteElo "1734"]
[BlackElo "1987"]

1.d4 Nf6 2.c4 Nc6 3.Nc3 e5 4.e3 Bb4 5.d5 Ne7 6.Bd2 a5 7.a3 Bc5 8.Bd3 O-O
9.Nge2 d6 10.h3 Nd7 11.g4 Ng6 12.Ng3 c6 13.Qc2 cxd5 14.Nxd5 Nf6 15.h4 Nxd5
16.cxd5 Bxg4 17.h5 Nh4 18.Bxh7+ Kh8 19.Bf5 Bf3 20.Rh2 Qf6 21.Kf1 Bxd5 22.e4 Be6
23.Ke2 Rac8 24.Qd3 Bd4 25.Rc1 Rxc1 26.Bxc1 d5 27.h6 g5 28.Nh5 Qe7 29.Qg3 Rg8
30.h7 Rg6 31.Bxg6 Nxg6 32.Bxg5 Nf4+ 33.Nxf4 f6 34.Bxf6+ Qxf6 35.Qh4 exf4
36.Qxf6+ Bxf6 37.Rh6 Bg4+ 38.f3 Bg7 39.Rb6 Bc8 40.exd5 Kxh7 41.d6 Kg8 42.Kd3 Kf7
43.Ke4 Ke6 44.Kxf4 Be5+ 45.Kg5 Bxd6 46.f4 Ke7 47.f5 Bc5 48.Rb3 Kf7 49.Rd3 Be7+
50.Kf4 Kf6 51.Rd5 b6 52.Kg4 Bc5 53.Kf4 a4 54.Kg4 Bb7 55.Rd7 Be4 56.Kf4 Bxf5
57.Rd2 Bg6 58.Rd5 Ke6 59.Rd1 Bd6+ 60.Ke3 Ke5 61.Rh1 Kd5 62.Rh4 Bc5+ 63.Kd2 Bd4
64.Kc1 Kc4 65.Rh3 Be4 66.Rg3 Be5 67.Rh3 Bf4+ 68.Kd1 Kd4 69.Rc3 Bd5 70.Ke2 Bc4+
71.Ke1 Be5 72.Kf2 Kd5 73.Rc2 Bd3 74.Rd2 Kc4 75.Ke1 Bf4 76.Rg2 Kb3 77.Kd1 Be4
78.Rf2 Bg3 79.Rf6 b5 80.Kc1 Bh4 81.Rb6 Bg5+ 82.Kd1 Bd3 83.Rd6 Bc2+ 84.Ke2 Kxb2
85.Rd5 Be7 86.Rxb5+ Bb3 87.Rb8 Bxa3 88.Kd2 Bd6 89.Ra8 a3 90.Ke3 a2 91.Rxa2+ Bxa2
92.Kd4 Be6 93.Ke4 Kc3 94.Ke3 Bd5 95.Ke2 Bc5 96.Kd1 Bf3+ 97.Ke1 Kd3 98.Kf1 Bh1
99.Ke1 Bg2 100.Kd1 Bb4 101.Kc1 Bc3 102.Kd1 Bf3+ 103.Kc1 Be2 104.Kb1 Kc4 105.Kc2 Kb4
106.Kb1 Kb3 107.Kc1 Be1 108.Kb1 Bd2 109.Ka1 Bc1 110.Kb1 Ba3 111.Ka1 Bb2+  0-1

[Event "Pan-American Intercollegiate"]
[Site "South Padre Island USA"]
[Date "2009.12.30"]
[Round "6"]
[White "Zhou,H"]
[Black "Doibani,L"]
[Result "1-0"]
[WhiteElo "2131"]
[BlackElo "2166"]

1.d4 Nf6 2.c4 Nc6 3.Nf3 e6 4.a3 d6 5.Nc3 g6 6.e4 Bg7 7.Be2 h6 8.O-O O-O 9.h3 Kh7
10.Be3 Ne8 11.Qd2 f5 12.Rfe1 Nf6 13.Bd3 e5 14.dxe5 dxe5 15.exf5 gxf5 16.Bc2 Qe7
17.Qe2 Be6 18.Rad1 Qf7 19.b3 Kg8 20.Bc5 Rfe8 21.Be3 Rad8 22.Rxd8 Rxd8 23.Rd1 Re8
24.Qd2 f4 25.Bc5 b6 26.Bb4 a5 27.Be4 Nxe4 28.Nxe4 axb4 29.axb4 Qg6 30.Re1 Rd8
31.Qc3 Nd4 32.Kh2 Nxf3+ 33.Qxf3 Bf5 34.g4 Bxe4 35.Rxe4 Qd6 36.Qg2 Qd3 37.f3 Qxb3
38.c5 bxc5 39.bxc5 Qc3 40.Re2 Qxc5 41.g5 Rd6 42.Rc2 Qb6 43.Rb2 Qc6 44.h4 e4
45.Rb8+ Kh7 46.fxe4 f3 47.Qxf3 Qc2+ 48.Qg2 Rd2 49.g6+  1-0

[Event "85th Masters"]
[Site "Hastings ENG"]
[Date "2009.12.31"]
[Round "4"]
[White "Strunski,A"]
[Black "Gregory,S"]
[Result "1-0"]
[WhiteElo "2386"]
[BlackElo "2126"]

1.d4 Nf6 2.c4 Nc6 3.Nf3 d6 4.Nc3 e5 5.d5 Ne7 6.e4 Ng6 7.g3 Be7 8.Bg2 O-O
9.O-O c6 10.h3 cxd5 11.cxd5 Bd7 12.Be3 b5 13.a3 Qc8 14.Kh2 Qb7 15.Qb3 a5
16.Nd2 Bd8 17.a4 b4 18.Nc4 Ne8 19.Nb1 Kh8 20.Nbd2 f5 21.exf5 Bxf5 22.Ne4 Qd7
23.Qd1 Ne7 24.f4 Rc8 25.b3 exf4 26.Bxf4 Ng6 27.Bc1 Bf6 28.Nxf6 Nxf6 29.Nb6 Qa7
30.Nxc8 Bxc8 31.Bb2 Ba6 32.Bd4 Qd7 33.Re1 Qf5 34.Ra2 Qg5 35.Be3 Qf5 36.Rf2 Qd3
37.Qxd3 Bxd3 38.Bd4 Ne5 39.Bxe5 dxe5 40.Rxe5 h5 41.Rd2 Bg6 42.d6  1-0

[Event "85th Masters"]
[Site "Hastings ENG"]
[Date "2010.01.01"]
[Round "5"]
[White "Lorscheid,G"]
[Black "Jackson,J"]
[Result "1/2-1/2"]
[WhiteElo "2348"]
[BlackElo "2067"]

1.d4 Nf6 2.c4 Nc6 3.Nf3 e6 4.a3 d6 5.Nc3 g6 6.Bg5 h6 7.Bh4 g5 8.Bg3 Nh5 9.e3 g4
10.Bh4 Be7 11.Bxe7 Qxe7 12.Nd2 e5 13.Nd5 Qd8 14.dxe5 Nxe5 15.Qb3 Nf6 16.Nf4 b6
17.O-O-O Bb7 18.c5 Nfd7 19.cxd6 cxd6 20.Kb1 Nc5 21.Qb4 Qf6 22.Qd4 Qf5+ 23.Ka2 O-O-O
24.Rc1 Kb8 25.h3 Ne6 26.hxg4 Nxg4 27.Nxe6 fxe6 28.f3 Ne5 29.Be2 Nf7 30.Bd3 Qd5+
31.Nb3 e5 32.Qxd5 Bxd5 33.Bc4 Bxc4 34.Rxc4 d5 35.Rc6 Kb7 36.Rf6 Rd7 37.Rd1 Rc8
38.Kb1 Rc6 39.Rf5 Rg6 40.Rd2 Kc7 41.Nc1 Kd6 42.Nd3 Ke6 43.Rh5 Rg5 44.Rh1 Rg3
45.Rc1 Nd6 46.Rc6 Rdg7 47.Nb4 Rxg2 48.Rxd5 Rd7 49.e4 Rg8 50.Nd3 Rc8 51.Rxe5+ Kf6
52.Rxc8 Nxc8 53.Rf5+ Kg7 54.Ne5 Rc7 55.Rh5 Ne7 56.Rh2 Ng8 57.Rg2+ Kh7 58.Nd3 Nf6
59.e5 Nd5 60.f4 Ne3 61.Re2 Nf5 62.Nb4 Ne7 63.Rd2 a5 64.Nd5 Nxd5 65.Rxd5 Rf7
66.Rd4 Kg6 67.Rd6+ Kh7 68.Rxb6 Rxf4 69.Rb5 a4 70.Ka2 Kg6 71.Rb4 Rxb4 72.axb4 Kf5
73.Ka3 Kxe5 74.Kxa4 Kd6 75.Kb5 Kc7 76.Kc5 h5 77.Kd4  1/2-1/2

[Event "85th Masters"]
[Site "Hastings ENG"]
[Date "2010.01.03"]
[Round "7"]
[White "Mason,D"]
[Black "Jackson,J"]
[Result "0-1"]
[WhiteElo "2255"]
[BlackElo "2067"]

1.d4 Nf6 2.c4 Nc6 3.Nc3 e5 4.d5 Ne7 5.Nf3 Ng6 6.h4 h5 7.Bg5 d6 8.e3 Bf5 9.Bd3 Qd7
10.e4 Bg4 11.Qb3 Qc8 12.Nd2 Be7 13.f3 Bd7 14.g3 Rb8 15.Qa3 b6 16.b4 O-O 17.O-O-O a6
18.Kb1 b5 19.cxb5 axb5 20.Nb3 c5 21.dxc6 Qxc6 22.Na5 Qa8 23.Be2 Rfc8 24.Bxf6 gxf6
25.Nd5 Bd8 26.Qe3 Be6 27.f4 Bxd5 28.exd5 Bxa5 29.bxa5 Qxa5 30.f5 Ne7 31.g4 b4
32.gxh5 Nxf5 33.Rhg1+ Kf8 34.Qf3 b3 35.axb3 Ra8  0-1

[Event "ZVO Open"]
[Site "Borovo CRO"]
[Date "2010.01.04"]
[Round "4"]
[White "Jozic,Z"]
[Black "Fures,I"]
[Result "0-1"]
[WhiteElo "1969"]
[BlackElo "1761"]

1.d4 Nf6 2.c4 Nc6 3.Nc3 e5 4.d5 Ne7 5.e4 Ng6 6.Nf3 Bb4 7.Bd3 Bxc3+ 8.bxc3 d6
9.h3 b6 10.a4 Bd7 11.Bg5 h6 12.Be3 O-O 13.Qc1 Kh7 14.g4 Rh8 15.g5 Nh5 16.gxh6 Qf6  0-1

[Event "22nd Open"]
[Site "Staufer GER"]
[Date "2010.01.04"]
[Round "5"]
[White "Schnabel,A"]
[Black "Postojev,A"]
[Result "0-1"]
[WhiteElo "2148"]
[BlackElo "2343"]

1.d4 Nf6 2.c4 Nc6 3.Nf3 e6 4.Nc3 Bb4 5.Bg5 h6 6.Bh4 g5 7.Bg3 Ne4 8.Rc1 d5
9.Ne5 Nxe5 10.Bxe5 Bxc3+ 11.bxc3 f6 12.f3 fxe5 13.fxe4 dxe4 14.e3 Qe7 15.Be2 O-O
16.Rb1 exd4 17.cxd4 e5 18.Rf1 Rd8 19.c5 exd4 20.Bc4+ Be6 21.Qb3 Bxc4 22.Qxc4+ Kg7
23.Rxb7 dxe3 24.Qc3+ Kg6 25.Qxe3 Qe5 26.Qb3 Rf8 27.Qc2 Rxf1+ 28.Kxf1 Rf8+
29.Ke2 Qd4  0-1

[Event "22nd Open"]
[Site "Staufer GER"]
[Date "2010.01.05"]
[Round "8"]
[White "Van den Bersselaar,J"]
[Black "Postojev,A"]
[Result "0-1"]
[WhiteElo "2183"]
[BlackElo "2343"]

1.d4 Nf6 2.c4 Nc6 3.Nc3 e5 4.d5 Ne7 5.h4 Nf5 6.Nf3 Ng4 7.Qc2 Qf6 8.e3 Bb4
9.Bd2 O-O 10.Be2 Ne7 11.Ne4 Bxd2+ 12.Nfxd2 Qf5 13.Nf1 h5 14.f3 Nh6 15.Rg1 d6
16.g4 Qg6 17.O-O-O f5 18.Ng5 fxg4 19.Bd3 Bf5 20.Bxf5 Nexf5 21.Ne6 Rf6 22.Qh2 c6
23.Kd2 cxd5 24.cxd5 Rc8 25.Rc1 Rxc1 26.Kxc1 Ne7 27.fxg4 Qd3 28.Qg2 Nxg4  0-1

[Event "39th Rilton Cup"]
[Site "Stockholm SWE"]
[Date "2010.01.05"]
[Round "9"]
[White "Vovk,Ok"]
[Black "Nguyen,Mi"]
[Result "1/2-1/2"]
[WhiteElo "2145"]
[BlackElo "2187"]

1.d4 Nf6 2.c4 Nc6 3.Nf3 e6 4.g3 Rb8 5.Bg2 a6 6.O-O b5 7.b3 bxc4 8.bxc4 Bb7
9.Nc3 Bb4 10.Qd3 O-O 11.Bd2 Re8 12.e4 d6 13.Rab1 Ba5 14.Na4 Bxd2 15.Nxd2 Nd7
16.e5 Na5 17.exd6 cxd6 18.Bxb7 Nxb7 19.Ne4 Nf8 20.Rb6 a5 21.Rfb1 d5 22.Rxb7 dxe4
23.Qxe4 Rxb7 24.Rxb7 Qg5 25.Qc6 Rd8 26.Qc5 Qc1+ 27.Kg2 Ng6 28.Qc7 Rf8 29.Rb8 Qd2
30.Rxf8+ Nxf8 31.Qc5 Qxa2 32.Nc3 Qb3 33.Nb5 a4 34.d5 exd5 35.cxd5 h6 36.d6 Ne6
37.Qc8+ Kh7 38.Nc3 a3 39.d7 a2 40.Nxa2 Qxa2 41.d8=Q  1/2-1/2